header

Economists and the financial markets (Record no. 308)

MARC details
000 -LEADER
fixed length control field 01128nam a2200313 a 4500
082 04 - DEWEY DECIMAL CLASSIFICATION NUMBER
Classification number 332/.041
100 1# - MAIN ENTRY--AUTHOR NAME
Personal name Brown, Brendan,
245 10 - TITLE STATEMENT
Title Economists and the financial markets
260 ## - PUBLICATION, DISTRIBUTION, ETC. (IMPRINT)
Place of publication London ;
-- New York :
Name of publisher Routledge,
Year of publication 1996.
300 ## - PHYSICAL DESCRIPTION
Number of Pages xi, 196 p. :
Other physical details ill.
500 ## - GENERAL NOTE
General note Includes index.
650 #0 - SUBJECT ADDED ENTRY--TOPICAL TERM
Topical Term Capital market.
Topical Term Investment analysis.
856 40 - ELECTRONIC LOCATION AND ACCESS
Uniform Resource Identifier http://site.ebrary.com/lib/rucke/Doc?id=5004185

No items available.

© 2026 Rongo University
Contact us: librarian | system librarian | Rongo university